Reunión de la Comisión organizadora del IV Centenario de Lepanto
Publicado:
San Jorge, núm. 84 (4t trimestre 1971), pàg 149 :
MARC
| LEADER | 00000nam a2200000Ia 4500 | ||
|---|---|---|---|
| 001 | |||
| 008 | 160829s9999 xx 000 0 cat d | ||
| 245 | |a Reunión de la Comisión organizadora del IV Centenario de Lepanto | ||
| 260 | |a San Jorge, núm. 84 (4t trimestre 1971), pàg 149 | ||
| 650 | |a Lepant, Batalla de, 1571 |x Aniversaris, etc. |9 41801 | ||
| 901 | |a Arxiu | ||
| 942 | |n 1 | ||
| 952 | |0 0 |1 0 |4 0 |7 1 |9 42281 |a Arxiu |b Arxiu |d 2016-12-01 |l 0 |r 2016-12-01 00:00:00 |w 2016-12-01 |y ARXIU | ||
| 999 | |c 44759 |d 44759 | ||